| 000 | 01076nam a22002895a 4500 | ||
|---|---|---|---|
| 003 | OSt | ||
| 005 | 20170424111718.0 | ||
| 008 | 160922s2016 xx frb 000 0 ara d | ||
| 015 | _a2016 / 10677 | ||
| 020 | _a9789778513646 | ||
| 040 |
_aEG-ScBUE _bara _cEG-ScBUE _dEG-ScBUE |
||
| 043 | _aa-le--- | ||
| 082 | 0 | 4 |
_a324.25692082 _bع ا ك _222 |
| 100 | 1 | _aعاكوم، فادي وليد. | |
| 245 | 1 | 0 |
_aحزب الله وسياسة المتعة من الإرهاب إلى الإرهاب / _cفادي وليد عاكوم. |
| 260 |
_a[د. م. : _bد. ن.]، _c2016. |
||
| 300 |
_a305 ص. ؛ _c24 سم. |
||
| 500 | _aيشتمل على ملاحق. | ||
| 504 | _aيشتمل على إرجاعات ببليوجرافية. | ||
| 541 | _aإهداء من أ. محمد فريد خميس. | ||
| 650 | 7 |
_aحزب الله (لبنان) _2BUEsh |
|
| 650 | 7 |
_aالأحزاب السياسية _zلبنان. _2BUEsh |
|
| 650 | 7 |
_aالإسلام والمذاهب السياسية. _2BUEsh _915382 |
|
| 651 | _2BUEsh | ||
| 653 |
_bGGEN _bBUSBOL _cFebruary2017 _cApril2017 |
||
| 942 | _2ddc | ||
| 999 |
_c24066 _d24038 |
||